El Ombudsman iberoamericano y los derechos de la infancia

Sábháilte in:
Sonraí bibleagrafaíochta
Formáid: Anaithnid
Foilsithe / Cruthaithe: Madrid: CICODE
Ábhair:
Clibeanna: Cuir clib leis
Níl clibeanna ann, Bí ar an gcéad duine le clib a chur leis an taifead seo!

MARC

LEADER 00000 a2200000 04500
001 11533
003
008 991231s d
040
090 |a 139902  
245 |a El Ombudsman iberoamericano y los derechos de la infancia  
260 |a Madrid:   |b CICODE  
300 |a 201 p.  
650 |a INFANCIA  
650 |a DERECHOS HUMANOS  
650 |a DERECHOS DEL NIÑO  
999 |c 12534  |d 12534